The psychology of children's art

Đã lưu trong:
Bibliografiske detaljer
Hovedforfatter: Rhoda Kellogg
Format: Bog
Sprog:Undetermined
Udgivet: New York CRM Random House 1967
Fag:
Tags: Tilføj Tag
Ingen Tags, Vær først til at tagge denne postø!
Thư viện lưu trữ: Trung tâm Học liệu Trường Đại học Cần Thơ
LEADER 00486nam a2200181Ia 4500
001 CTU_26624
008 210402s9999 xx 000 0 und d
082 |a 709 
082 |b K29 
100 |a Rhoda Kellogg 
245 4 |a The psychology of children's art 
245 0 |c Rhoda Kellogg, Scott O'dell 
260 |a New York 
260 |b CRM Random House 
260 |c 1967 
650 |a arts - history 
904 |i Minh, 981015 
980 |a Trung tâm Học liệu Trường Đại học Cần Thơ